Let's speak korean

Guardat en:
Dades bibliogràfiques
Autor principal: Koo, John H (Autor)
Format: Llibre
Idioma:anglès
coreà
Publicat: Seúl Samji Books 1994
Matèries:
Etiquetes: Afegir etiqueta
Sense etiquetes, Sigues el primer a etiquetar aquest registre!

MARC

LEADER 00000nam a2200000 a 4500
001 UCP1919
003 CL-VaPUC
008 990430e19940000KO |||||||||||||||||eng|d
041 0 7 |a eng  |2 CL-VaPUC 
041 0 7 |a kor  |2 CL-VaPUC 
082 0 4 |a 495.7  |b KOO  |2 21 
100 0 |a Koo, John H  |e author  |9 428252 
245 1 0 |a Let's speak korean 
300 |a 206 p 
942 |c BK 
945 |d 19990430 00:00:00  |a rbrito 
260 |a Seúl  |b Samji Books  |c 1994 
650 7 |a COREANO  |2 CL-VaPUC  |9 411031 
650 0 |a Gramática  |9 270497 
650 7 |a ENSEÑANZA DEL COREANO  |2 CL-VaPUC  |9 420901 
650 0 |a Enseñanza de idiomas  |9 339820 
650 0 |a Vocabulario  |9 345405 
583 |a last modification  |c 19990430 00:00:00  |k Rodrigo Vera 
999 |c 280548  |d 280546 
952 |0 0  |1 0  |4 0  |6 495_700000000000000_KOO_1994  |7 0  |8 A  |9 320898  |a BIBGIM  |b BIBGIM  |d 2019-11-20  |i 352048K  |o 495.7 KOO 1994  |p 352048K  |r 2025-01-15  |w 2019-11-20  |y BK  |k ORI